banner-ar

ELECTRICITY AND MAGNETISM / (Record no. 19816)

MARC details
000 -الفاتح
حقل البيانات ثابتة الطول 00450nam a2200181Ia 4500
008 - عناصر البيانات ثابتة الطول - معلومات عامة
حقل البيانات ثابتة الطول 140319s9999 xx 000 0 eng d
040 ## - مصدر الفهرسة
وكالة الفهرسة الأصلية GCL /
وكالة النسخ GCL
082 04 - رقم تصنيف ديوى العشرى
رقم التصنيف 537
رقم المادة T E
100 1# - المدخل الرئيسى - إسم شخصى
الإسم الشخصى TEWARI, K. K.
245 10 - بيان العنوان
العنوان ELECTRICITY AND MAGNETISM /
بيان المسئوليه,etc TEWARI, K. K.
260 ## - PUBLICATION, DISTRIBUTION, ETC. (IMPRINT)
تاريخ النشر أو التوزيع 1993
300 ## - الوصف المادى
التعداد 799 P
650 04 - المدخل الاضافى بالموضوع-مصطلح موضوعى
مصطلح موضوعي PHYSICS
650 04 - المدخل الاضافى بالموضوع-مصطلح موضوعى
مصطلح موضوعي MAGNETISM
650 04 - المدخل الاضافى بالموضوع-مصطلح موضوعى
مصطلح موضوعي ELECTRICITY
942 ## - عناصر المدخل الإضافي( كوها)
مصدر التصنيف او مخطط الترفيف Dewey Decimal Classification
Koha [default] item type كتاب
260 ## - PUBLICATION, DISTRIBUTION, ETC. (IMPRINT)
-- [S.N] :
-- S. CHAND & COMPANY LTD ،
Holdings
حالة التراجع حالة الفقد حالة تلف ليس للاعارة المكان المؤقت الموقع الحالى تاريخ الاكتساب اجمالي اﻻعارات رقم الطلب الباركود تاريخ اخر مشاهدة تاريخ تفعيل السعر نوع وعاء كوها
        مكتبة القاهرة الكبرى مكتبة القاهرة الكبرى 03/26/2014   537\T E 37546 03/26/2014 03/26/2014 كتاب

Powered By

EGPV